000
00328nam a22001337a 4500
008
171023b xxu||||| |||| 00| 0 eng d
020
_a
2900132059670
041
_a
eng
080
_2
8 ED
_a
338
100
_a
54
101
_a
MAN
245
_a
CHECK IN CHECK OUT MANAGING HOTEL OPERATIONS
_c
VALLEN.J.J
942
_2
udc
_c
BK
999
_c
35374
_d
35374